[Event "Barcelona Sant Marti op-B 15th"]
[Site "Barcelona"]
[Date "2013.07.18"]
[Round "6"]
[White "Riera Danes, Manel"]
[Black "Berstad, Joerund"]
[Result "1-0"]
[WhiteElo "1930"]
[BlackElo "1849"]
[PlyCount "65"]
[EventDate "2013.07.13"]
[EventType "swiss"]
[EventRounds "9"]
[EventCountry "ESP"]
[SourceTitle "CBM 155 Extra"]
[Source "ChessBase"]
[SourceDate "2013.08.26"]
[SourceVersion "1"]
[SourceVersionDate "2013.08.26"]
[SourceQuality "1"]

1. e4 c5 2. Nf3 d6 3. d4 cxd4 4. Nxd4 Nf6 5. Nc3 a6 6. Be2 e5 7. Nb3 Be7 8. 0-0 Be6 9. Be3 Nbd7 10. f4 exf4 11. Bxf4 Ne5 12. h3 b5 13. Qd4 Nc6 14. Qe3 Ne5 15. Bxe5 dxe5 16. Rad1 Qb8 17. Qf3 0-0 18. Nd5 Qa7+ 19. Kh1 Rac8 20. c3 Rfd8 21. Na1 Bxd5 22. exd5 Qc5 23. Nb3 Qb6 24. Qf5 e4 25. Nd4 Rc5 26. Nc6 Bf8 27. Nxd8 Qxd8 28. Rf4 Bd6 29. Rff1 Bb8 30. g3 Bxg3 31. Rg1 Bb8 32. Qg5 Qf8 33. Qxf6 1-0

[Event "Barcelona Sant Marti op-B 15th"]
[Site "Barcelona"]
[Date "2013.07.16"]
[Round "4"]
[White "Cano Sevila, Ivan"]
[Black "Berstad, Joerund"]
[Result "0-1"]
[WhiteElo "1672"]
[BlackElo "1849"]
[PlyCount "114"]
[EventDate "2013.07.13"]
[EventType "swiss"]
[EventRounds "9"]
[EventCountry "ESP"]
[SourceTitle "CBM 155 Extra"]
[Source "ChessBase"]
[SourceDate "2013.08.26"]
[SourceVersion "1"]
[SourceVersionDate "2013.08.26"]
[SourceQuality "1"]

1. d4 Nf6 2. Bf4 g6 3. Nf3 Bg7 4. h3 0-0 5. e3 d6 6. Be2 Nbd7 7. c3 Re8 8. 0-0 Ne4 9. Nbd2 Nxd2 10. Qxd2 e5 11. dxe5 dxe5 12. Bg3 Qe7 13. Qc2 Nc5 14. e4 Bd7 15. Bc4 Kh8 16. b4 Na4 17. Bb3 Nb6 18. a4 a5 19. b5 Be6 20. Qa2 f6 21. Rfd1 Bxb3 22. Qxb3 Rad8 23. Nd2 Nd7 24. Nc4 b6 25. Ne3 Nc5 26. Qc2 Qf7 27. Nd5 f5 28. f3 Rd7 29. Bf2 Bf8 30. Bxc5 Bxc5+ 31. Kh1 f4 32. c4 g5 33. Qe2 h5 34. Nc3 Bd4 35. Rac1 Rg8 36. Nd5 Bc5 37. Nc3 g4 38. Rxd7 Qxd7 39. Rd1 Qg7 40. fxg4 hxg4 41. Qxg4 Qxg4 42. hxg4 Rxg4 43. Rd3 Be3 44. g3 Rxg3 45. Nd5 Rg1+ 46. Kh2 Ra1 47. Nxe3 fxe3 48. Rxe3 Rxa4 49. Rc3 Rb4 50. Kg3 Kg7 51. Kg4 Kf6 52. Rf3+ Ke6 53. Rc3 a4 54. Rc2 a3 55. Ra2 Rxc4 56. Rxa3 Rxe4+ 57. Kf3 Rb4 0-1

[Event "Barcelona Sant Marti op-B 15th"]
[Site "Barcelona"]
[Date "2013.07.15"]
[Round "3"]
[White "Berstad, Joerund"]
[Black "Albert Estebanez, Carles"]
[Result "1/2-1/2"]
[WhiteElo "1849"]
[BlackElo "1734"]
[PlyCount "35"]
[EventDate "2013.07.13"]
[EventType "swiss"]
[EventRounds "9"]
[EventCountry "ESP"]
[SourceTitle "CBM 155 Extra"]
[Source "ChessBase"]
[SourceDate "2013.08.26"]
[SourceVersion "1"]
[SourceVersionDate "2013.08.26"]
[SourceQuality "1"]

1. d4 Nf6 2. c4 c5 3. Nf3 e6 4. Nc3 d5 5. cxd5 Nxd5 6. dxc5 Bxc5 7. Nxd5 exd5 8. e3 Bg4 9. Qc2 Bb4+ 10. Bd2 Bxd2+ 11. Nxd2 Nc6 12. Qa4 Bf5 13. Nb3 0-0 14. Be2 Qf6 15. Qa3 d4 16. Nxd4 Nxd4 17. exd4 Qxd4 18. 0-0 1/2-1/2

[Event "NOR-ch Class2"]
[Site "Lillehammer"]
[Date "2013.06.29"]
[Round "7"]
[White "Berstad, Joerund"]
[Black "Aarnes, Carl Christian"]
[Result "0-1"]
[WhiteElo "1668"]
[BlackElo "1624"]
[PlyCount "126"]
[EventDate "2013.06.29"]
[EventType "swiss"]
[EventRounds "9"]
[EventCountry "NOR"]
[SourceTitle "EXT 2017"]
[Source "ChessBase"]
[SourceDate "2016.10.25"]
[SourceVersion "1"]
[SourceVersionDate "2016.10.25"]
[SourceQuality "1"]

1. d4 Nf6 2. c4 e6 3. Nf3 Bb4+ 4. Bd2 Qe7 5. a3 Bxd2+ 6. Nbxd2 c5 7. e3 b6 8. g3 Bb7 9. Bg2 cxd4 10. exd4 0-0 11. 0-0 d5 12. b3 Nbd7 13. Ne5 Rfc8 14. Re1 Rc7 15. Nxd7 Qxd7 16. Rc1 Rac8 17. b4 dxc4 18. Bxb7 Rxb7 19. Rxc4 Rbc7 20. Rxc7 Qxc7 21. Re3 Qc1 22. Qxc1 Rxc1+ 23. Kg2 Rc2 24. Rd3 Kf8 25. Kf3 Ke7 26. Kg2 Kd6 27. f3 Nd5 28. Kf2 f5 29. Ke1 Rc1+ 30. Kf2 g5 31. Nf1 Ra1 32. Nd2 Ra2 33. Ke1 b5 34. Rb3 Nb6 35. Rc3 h5 36. Rc5 a6 37. g4 hxg4 38. fxg4 Nd5 39. Rc8 Rxa3 40. Rg8 Nxb4 41. gxf5 exf5 42. Rxg5 Nc2+ 43. Kf2 Nxd4 44. h4 Ke5 45. h5 Ne6 46. Rg8 Rh3 47. Rh8 Kf4 48. Kg2 Rd3 49. Nf1 Kg5 50. Ng3 Rd7 51. Ra8 Nf4+ 52. Kf2 Nxh5 53. Rxa6 Nxg3 54. Kxg3 f4+ 55. Kf2 Rd2+ 56. Kf3 Rb2 57. Ra8 Rb3+ 58. Kf2 Kf5 59. Re8 b4 60. Re7 Rc3 61. Re8 b3 62. Rb8 Ke4 63. Rd8 Rc2+ 0-1

[Event "Bergen NGP op"]
[Site "Bergen"]
[Date "2013.05.31"]
[Round "3"]
[White "Kyrkjebo, Marte Bakken"]
[Black "Berstad, Joerund"]
[Result "1-0"]
[WhiteElo "1568"]
[BlackElo "1679"]
[PlyCount "43"]
[EventDate "2013.05.31"]
[EventType "swiss"]
[EventRounds "5"]
[EventCountry "NOR"]
[SourceTitle "CBM 154 Extra"]
[Source "ChessBase"]
[SourceDate "2013.06.25"]
[SourceVersion "2"]
[SourceVersionDate "2013.06.25"]
[SourceQuality "1"]

1. e4 c5 2. Nc3 Nc6 3. Bb5 g6 4. Bxc6 bxc6 5. f4 Bg7 6. d3 d6 7. Nf3 Bg4 8. h3 Bxf3 9. Qxf3 Rb8 10. 0-0 Qa5 11. e5 d5 12. f5 Bxe5 13. fxg6 Nf6 14. gxf7+ Kxf7 15. Qh5+ Ke6 16. Qf5+ Kd6 17. Re1 Nd7 18. Rxe5 Nxe5 19. Bf4 e6 20. Bxe5+ Ke7 21. Qf6+ Kd7 22. Qg7+ 1-0

[Event "Bergen Grand Prix"]
[Site "Bergen"]
[Date "2011.11.12"]
[Round "3"]
[White "Berstad, Joerund"]
[Black "Nordstrom, Hakon N"]
[Result "0-1"]
[WhiteElo "1615"]
[BlackElo "1509"]
[PlyCount "56"]
[EventDate "2011.11.11"]
[EventType "swiss"]
[EventRounds "5"]
[EventCountry "NOR"]
[SourceTitle "EXT 2023"]
[Source "ChessBase"]
[SourceDate "2022.10.05"]
[SourceVersion "1"]
[SourceVersionDate "2022.10.05"]
[SourceQuality "1"]

1. d4 e6 2. c4 b6 3. Nc3 Bb4 4. Nf3 Bb7 5. a3 Bxc3+ 6. bxc3 f5 7. a4 Nf6 8. Ba3 d6 9. Qb3 c5 10. Rd1 Qe7 11. g3 Nc6 12. Bg2 Na5 13. Qa2 Ne4 14. Bb2 Rc8 15. 0-0 Ba6 16. Nd2 Nxd2 17. Rxd2 Bxc4 18. Qb1 0-0 19. Re1 Qe8 20. e4 Qxa4 21. exf5 Nb3 22. Rdd1 exf5 23. Re7 Rce8 24. Rc7 Re2 25. dxc5 Nxc5 26. Rxd6 Bd3 27. c4 Rxb2 28. Rxg7+ Kh8 0-1

[Event "Benidorm op U2000 07th"]
[Site "Benidorm"]
[Date "2008.11.30"]
[Round "2"]
[White "Berstad, Joerund"]
[Black "Aledo Lopez, Angel"]
[Result "1/2-1/2"]
[WhiteElo "1885"]
[BlackElo "1979"]
[PlyCount "97"]
[EventDate "2008.11.29"]
[EventType "swiss"]
[EventRounds "9"]
[EventCountry "ESP"]
[SourceTitle "CBM 127 Extra"]
[Source "ChessBase"]
[SourceDate "2009.01.08"]
[SourceVersion "2"]
[SourceVersionDate "2009.01.28"]
[SourceQuality "1"]

1. e4 d6 2. d4 Nf6 3. Nc3 g6 4. Nf3 Bg7 5. h3 c6 6. a4 Nbd7 7. Bc4 Qa5 8. Bd2 Qc7 9. Qe2 e5 10. 0-0 0-0 11. d5 a5 12. Be3 Nb6 13. Bb3 Bd7 14. Rfd1 c5 15. Nd2 Nh5 16. Nb5 Bxb5 17. axb5 Nf4 18. Bxf4 exf4 19. c3 f5 20. e5 Bxe5 21. Nf3 Bf6 22. Qd2 c4 23. Bc2 Qc5 24. Qxf4 Nxd5 25. Qg3 Bg7 26. Ng5 Rf6 27. Qf3 Nb6 28. Qxb7 h6 29. Nf3 Qxb5 30. Nd4 Qa6 31. Qe7 Nd5 32. Qe2 Nc7 33. Ba4 d5 34. Re1 Rb8 35. Rab1 Qd6 36. Qf3 Ne6 37. Nc6 Rb7 38. Rbd1 Nf4 39. Nxa5 Ra7 40. Nxc4 Qc7 41. Bb5 dxc4 42. Rd7 Qb6 43. Rxa7 Qxa7 44. Qxf4 Rb6 45. Bxc4+ Kh7 46. Qe3 Qb7 47. b3 Qb8 48. Qe7 Rb7 49. Qe3 1/2-1/2

[Event "Politiken Cup 28th"]
[Site "Copenhagen"]
[Date "2006.07.30"]
[Round "9"]
[White "Berstad, Joerund"]
[Black "Rosenkilde, Alexander"]
[Result "0-1"]
[WhiteElo "1883"]
[BlackElo "2054"]
[PlyCount "80"]
[EventDate "2006.07.22"]
[EventType "swiss"]
[EventRounds "9"]
[EventCountry "DEN"]
[SourceTitle "CBM 113 Extra"]
[Source "ChessBase"]
[SourceDate "2006.09.14"]
[SourceVersion "1"]
[SourceVersionDate "2006.09.14"]
[SourceQuality "1"]

1. e4 c5 2. Nf3 Nc6 3. d4 cxd4 4. Nxd4 Nf6 5. Nc3 e5 6. Ndb5 d6 7. Bg5 a6 8. Na3 b5 9. Nd5 Be7 10. Bxf6 Bxf6 11. c3 0-0 12. Nc2 Bg5 13. a4 bxa4 14. Rxa4 a5 15. Bc4 Bd7 16. Ra2 Kh8 17. h4 Bh6 18. g4 Bf4 19. Qf3 Be6 20. b3 Rb8 21. Kf1 a4 22. Rxa4 Na5 23. Nxf4 Nxc4 24. bxc4 Qd7 25. Rb4 Bxg4 26. Qg3 exf4 27. Qxf4 Bh3+ 28. Kg1 Be6 29. c5 Rxb4 30. cxb4 dxc5 31. Kg2 Qd3 32. Rc1 cxb4 33. Nxb4 Qh3+ 34. Kg1 Qa3 35. Nd5 f5 36. Rc7 Qa1+ 37. Kg2 Qd4 38. Ne3 Kg8 39. Kg3 fxe4 40. Qg5 Qd6+ 0-1

[Event "Politiken Cup 28th"]
[Site "Copenhagen"]
[Date "2006.07.22"]
[Round "1"]
[White "Royset, Pal"]
[Black "Berstad, Joerund"]
[Result "1-0"]
[WhiteElo "2228"]
[BlackElo "1883"]
[PlyCount "61"]
[EventDate "2006.07.22"]
[EventType "swiss"]
[EventRounds "9"]
[EventCountry "DEN"]
[SourceTitle "CBM 113 Extra"]
[Source "ChessBase"]
[SourceDate "2006.09.14"]
[SourceVersion "1"]
[SourceVersionDate "2006.09.14"]
[SourceQuality "1"]

1. e4 e6 2. d4 d5 3. Nc3 dxe4 4. Nxe4 Nd7 5. Bd3 Ngf6 6. Qe2 Be7 7. Nf3 Nxe4 8. Bxe4 Nf6 9. Bxb7 Bxb7 10. Qb5+ Qd7 11. Qxb7 0-0 12. 0-0 a5 13. Qb3 Rfb8 14. Qd3 Bd6 15. b3 a4 16. Bg5 Nd5 17. Bd2 Qc8 18. Ng5 Nf6 19. Rfe1 Qa6 20. Qh3 axb3 21. cxb3 Bb4 22. Bxb4 Rxb4 23. Qc3 Qd6 24. Nf3 Nd5 25. Qc2 h6 26. a3 Rb6 27. Qb2 Nf4 28. Re3 Nd5 29. Re2 Raa6 30. Ne5 Nf4 31. Re4 1-0

[Event "NOR-ch Junior"]
[Site "Fredrikstad"]
[Date "2003.07.05"]
[Round "1"]
[White "Sending, Stale Andre"]
[Black "Berstad, Joerund"]
[Result "1-0"]
[WhiteElo "1968"]
[BlackElo "1653"]
[PlyCount "71"]
[EventDate "2003.07.??"]
[EventType "swiss"]
[EventRounds "7"]
[EventCountry "NOR"]
[SourceTitle "CBM 095 Extra"]
[Source "ChessBase"]
[SourceDate "2003.09.04"]
[SourceVersion "1"]
[SourceVersionDate "2003.09.04"]
[SourceQuality "1"]

1. e4 c5 2. Nc3 Nc6 3. Nf3 Nf6 4. d4 cxd4 5. Nxd4 e5 6. Ndb5 d6 7. Bg5 a6 8. Na3 b5 9. Bxf6 gxf6 10. Nd5 f5 11. Bxb5 axb5 12. Nxb5 Ra4 13. b4 Rxb4 14. Nxb4 Nxb4 15. c3 Qa5 16. a4 Na6 17. 0-0 Qd8 18. exf5 Bxf5 19. Qf3 Qd7 20. Qa8+ Qc8 21. Qxa6 Qxa6 22. Nc7+ Kd8 23. Nxa6 Bd3 24. Nb4 Bxf1 25. Kxf1 Kd7 26. a5 Bg7 27. Nd5 Kc6 28. c4 Ra8 29. a6 Kc5 30. Ra5+ Kc6 31. f3 Bh6 32. Ke2 Bc1 33. Ra1 Bb2 34. Rb1 Bd4 35. Rb7 Ra7 36. Ne7+ 1-0

[Event "NOR-ch U18 int"]
[Site "Lysaker"]
[Date "2002.03.26"]
[Round "6"]
[White "Hammer, Jon Ludvig"]
[Black "Berstad, Joerund"]
[Result "1/2-1/2"]
[WhiteElo "1500"]
[BlackElo "1553"]
[PlyCount "78"]
[EventDate "2002.03.23"]
[EventType "team"]
[EventRounds "7"]
[EventCountry "NOR"]
[SourceTitle "CBM 087 Extra"]
[Source "ChessBase"]
[SourceDate "2002.05.03"]
[SourceVersion "2"]
[SourceVersionDate "2002.08.09"]
[SourceQuality "1"]

1. Nf3 e6 2. c4 Nf6 3. b3 d5 4. Bb2 c5 5. g3 Nc6 6. Bg2 Be7 7. 0-0 0-0 8. a3 a6 9. d3 b5 10. Nbd2 Bb7 11. Qc2 d4 12. e3 dxe3 13. fxe3 Qc7 14. d4 Rfd8 15. cxb5 Qb6 16. bxc6 Bxc6 17. Nc4 Qc7 18. Nce5 Be4 19. Qc3 Nd5 20. Qd2 Qb6 21. Ne1 Bxg2 22. Nxg2 f6 23. Nc4 Qxb3 24. Rfc1 cxd4 25. exd4 Rac8 26. Nge3 Rb8 27. Rab1 f5 28. Nxd5 exd5 29. Na5 Qf3 30. Nc6 Bd6 31. Nxb8 Bxg3 32. Nc6 Bf4 33. Qg2 Qe3+ 34. Kh1 Re8 35. Ne5 Rd8 36. Rc7 g5 37. Bc1 Qe1+ 38. Qg1 Qe4+ 39. Qg2 Qe1+ 1/2-1/2

[Event "NOR-ch U18 int"]
[Site "Lysaker"]
[Date "2002.03.24"]
[Round "2"]
[White "Soreng, Eirik"]
[Black "Berstad, Joerund"]
[Result "0-1"]
[WhiteElo "1351"]
[BlackElo "1553"]
[PlyCount "68"]
[EventDate "2002.03.23"]
[EventType "team"]
[EventRounds "7"]
[EventCountry "NOR"]
[SourceTitle "CBM 087 Extra"]
[Source "ChessBase"]
[SourceDate "2002.05.03"]
[SourceVersion "2"]
[SourceVersionDate "2002.08.09"]
[SourceQuality "1"]

1. e4 e6 2. d4 d5 3. e5 c5 4. c3 Nc6 5. Nf3 Qc7 6. Bd3 Bd7 7. Qc2 f5 8. 0-0 h6 9. Nh4 Nge7 10. Be2 0-0-0 11. Na3 a6 12. Nf3 g5 13. Rd1 Ng6 14. Be3 c4 15. b4 g4 16. Ne1 Rg8 17. Bc1 Na7 18. Nb1 b5 19. g3 h5 20. Bg5 Re8 21. Ng2 Be7 22. Bxe7 Rxe7 23. Rf1 f4 24. Nxf4 Nxf4 25. gxf4 Rf7 26. Nd2 Rgf8 27. Qg6 Rxf4 28. Bd1 Qd8 29. a4 Qh4 30. f3 gxf3 31. Bxf3 R8f5 32. Qg8+ Kc7 33. Qa8 Rg5+ 34. Kh1 Qxh2+ 0-1